000 01039nam a2200277Ia 4500
003 OSt
005 20220930093314.0
006 a|||||r|||| 00| 0
007 ta
008 220926b |||||||| |||| 00| 0 eng d
024 _a36063
037 _cTheses
040 _aCRL
_cCRL
_beng
041 _2eng
_aeng
100 _aJohn Jibin Au.
_9551600
110 _aUniversity of Delhi. Facullty of Inter Disciplinary & Applied Sciences. Department of Genetics
_9551601
245 0 _aIdentification of rare and ultra - rare and ultra rare exonic variants in multiplex families with schizophrenia using contemoprary genomic tools
260 _c2016
300 _a162p.
_ap.
_ccm.
650 _aGENETICS
700 _a Prof. B. K. Thelma Gu.
700 _a Prof. V. L. Nimganonkar Gu.
_9551602
700 _aUniversity of Delhi. Facullty of Inter Disciplinary & Applied Sciences. Department of Genetics
_9551603
942 _cDIS
_2CC
999 _c885195
_d885195